00551nam a2200205Ia 4500008004100000020001800041050001700059050001400076100002200090245003000112245004500142245002100187260001300208260002200221260000900243300001600252300001100268500002000279650004600299180523s9999 xx 000 0 und d a81-7992-333-9 aMAIN GT 3405 b.A67 2007 aAppleby, Pauline. 0aOrganising a conference : 0bhow to plan and run a successful event / 0cPauline Appleby. aMumbai : bJaico Publishing, c2007 a190 pages : c17 cm. aIncludes index. aCongresses and conventions -- Management.